[Event "EYCC 2024 - O12"]
[Site "?"]
[Date "2024.08.31"]
[Round "9.9"]
[White "Hanache, Kai"]
[Black "Vardi, Daniel"]
[Result "0-1"]
[BlackElo "2003"]
[WhiteElo "2057"]
[LiveChessVersion "1.4.8"]

1. e4 {[%clk 1:30:53]} c5 {[%clk 1:30:55]} 2. Nf3 {[%clk 1:31:15]} e6
{[%clk 1:31:23]} 3. g3 {[%clk 1:31:38]} d5 {[%clk 1:31:49]} 4. exd5
{[%clk 1:31:55]} exd5 {[%clk 1:32:15]} 5. d4 {[%clk 1:32:14]} Nc6
{[%clk 1:32:40]} 6. Bg2 {[%clk 1:32:30]} Bg4 {[%clk 1:32:59]} 7. O-O
{[%clk 1:32:50]} cxd4 {[%clk 1:32:09]} 8. Re1+ {[%clk 1:30:40]} Be7
{[%clk 1:31:57]} 9. b4 {[%clk 1:29:03]} a6 {[%clk 1:29:00]} 10. Qd3
{[%clk 1:26:12]} Nf6 {[%clk 1:28:06]} 11. Nxd4 {[%clk 1:26:02]} O-O
{[%clk 1:25:59]} 12. a3 {[%clk 1:25:07]} Qd7 {[%clk 1:23:57]} 13. Bb2
{[%clk 1:24:09]} Rfe8 {[%clk 1:20:54]} 14. Nd2 {[%clk 1:22:04]} Nxd4
{[%clk 1:14:29]} 15. Qxd4 {[%clk 1:21:28]} Rac8 {[%clk 1:13:48]} 16. Rac1
{[%clk 1:17:14]} b5 {[%clk 1:01:21]} 17. Re5 {[%clk 1:15:06]} Be6
{[%clk 1:01:44]} 18. Nb3 {[%clk 1:05:02]} Rc4 {[%clk 0:58:59]} 19. Qd2
{[%clk 1:05:23]} Rd8 {[%clk 0:50:11]} 20. Na5 {[%clk 0:58:05]} Rcc8
{[%clk 0:48:43]} 21. Rce1 {[%clk 0:57:41]} Ne4 {[%clk 0:45:32]} 22. Qe2
{[%clk 0:50:13]} Bf6 {[%clk 0:44:17]} 23. Bxe4 {[%clk 0:50:34]} dxe4
{[%clk 0:44:05]} 24. Qxe4 {[%clk 0:50:36]} Bxe5 {[%clk 0:44:18]} 25. Qxe5
{[%clk 0:50:54]} f6 {[%clk 0:44:41]} 26. Qxe6+ {[%clk 0:50:46]} Qxe6
{[%clk 0:45:10]} 27. Rxe6 {[%clk 0:51:15]} Rxc2 {[%clk 0:45:38]} 28. Bxf6
{[%clk 0:50:56]} gxf6 {[%clk 0:45:08]} 29. Rxf6 {[%clk 0:50:54]} Rf8
{[%clk 0:45:26]} 30. Rxf8+ {[%clk 0:45:42]} Kxf8 {[%clk 0:45:54]} 31. g4
{[%clk 0:46:00]} Ra2 {[%clk 0:46:13]} 32. f4 {[%clk 0:45:57]} Rxa3
{[%clk 0:46:38]} 33. Kg2 {[%clk 0:46:11]} Ra2+ {[%clk 0:47:00]} 34. Kg3
{[%clk 0:46:31]} Rxa5 {[%clk 0:47:11]} 35. bxa5 {[%clk 0:46:00]} b4
{[%clk 0:47:35]} 36. Kh4 {[%clk 0:45:45]} b3 {[%clk 0:48:00]} 37. Kg5
{[%clk 0:46:03]} Kg7 {[%clk 0:48:23]} 38. f5 {[%clk 0:45:17]} h6+
{[%clk 0:48:47]} 39. Kh5 {[%clk 0:45:36]} b2 {[%clk 0:49:13]} 40. h3
{[%clk 0:45:39]} b1=Q {[%clk 0:49:38]} 41. h4 {[%clk 0:45:57]} Qb5
{[%clk 0:49:55]} 42. g5 {[%clk 0:46:24]} Qe2# 0-1

[Event "EYCC 2024 - O12"]
[Site "?"]
[Date "2024.08.31"]
[Round "9.10"]
[White "Varyemez, Ali"]
[Black "Torres Rebolledo, Alvaro"]
[Result "0-1"]
[BlackElo "2193"]
[WhiteElo "1964"]
[LiveChessVersion "1.4.8"]

1. Nf3 {[%clk 1:30:57]} Nf6 {[%clk 1:29:56]} 2. d4 {[%clk 1:31:21]} e6
{[%clk 1:30:00]} 3. g3 {[%clk 1:31:46]} b5 {[%clk 1:29:53]} 4. a4
{[%clk 1:16:30]} b4 {[%clk 1:28:30]} 5. Bg2 {[%clk 1:10:51]} Bb7 {[%clk 1:27:39]}
6. c4 {[%clk 1:10:21]} c5 {[%clk 1:24:39]} 7. O-O {[%clk 1:02:22]} cxd4
{[%clk 1:17:05]} 8. Nxd4 {[%clk 1:02:49]} Bxg2 {[%clk 1:16:49]} 9. Kxg2
{[%clk 1:03:17]} Be7 {[%clk 1:08:07]} 10. b3 {[%clk 1:02:32]} Qc7
{[%clk 1:00:39]} 11. Nd2 {[%clk 0:58:12]} Qb7+ {[%clk 0:56:28]} 12. N2f3
{[%clk 0:56:33]} a6 {[%clk 0:53:49]} 13. Qc2 {[%clk 0:49:53]} O-O
{[%clk 0:50:51]} 14. Bb2 {[%clk 0:49:37]} d6 {[%clk 0:49:36]} 15. Kg1
{[%clk 0:39:53]} Nbd7 {[%clk 0:47:57]} 16. Ne1 {[%clk 0:35:42]} Rac8
{[%clk 0:46:01]} 17. Ng2 {[%clk 0:28:56]} d5 {[%clk 0:42:07]} 18. Ne3
{[%clk 0:27:22]} dxc4 {[%clk 0:40:59]} 19. Nxc4 {[%clk 0:27:36]} Nb6
{[%clk 0:39:56]} 20. a5 {[%clk 0:22:27]} Nxc4 {[%clk 0:39:28]} 21. bxc4
{[%clk 0:22:56]} h5 {[%clk 0:32:06]} 22. Nf3 {[%clk 0:19:03]} Qe4
{[%clk 0:29:57]} 23. Rfc1 {[%clk 0:17:50]} Qxc2 {[%clk 0:28:10]} 24. Rxc2
{[%clk 0:18:19]} Ne4 {[%clk 0:26:10]} 25. Bd4 {[%clk 0:14:03]} f6
{[%clk 0:16:54]} 26. Kf1 {[%clk 0:07:05]} Rc6 {[%clk 0:15:22]} 27. c5
{[%clk 0:02:53]} e5 {[%clk 0:13:05]} 28. Be3 {[%clk 0:03:17]} Nc3
{[%clk 0:11:54]} 29. Ne1 {[%clk 0:02:04]} Nd5 {[%clk 0:10:50]} 30. Rb1
{[%clk 0:01:21]} Nxe3+ {[%clk 0:10:18]} 31. fxe3 {[%clk 0:01:50]} Rxc5
{[%clk 0:10:25]} 32. Ra2 {[%clk 0:01:27]} Rb5 {[%clk 0:10:13]} 33. Rb3
{[%clk 0:01:22]} Rc8 {[%clk 0:09:25]} 34. Nd3 {[%clk 0:01:17]} Kf7
{[%clk 0:07:09]} 35. Rab2 {[%clk 0:00:58]} Rc4 {[%clk 0:06:57]} 36. Ra2 g5
{[%clk 0:06:52]} 37. Ke1 {[%clk 0:01:13]} e4 {[%clk 0:06:18]} 38. Nf2
{[%clk 0:00:33]} f5 {[%clk 0:06:18]} 39. Nd1 {[%clk 0:00:58]} Ke6
{[%clk 0:05:51]} 40. Ra4 {[%clk 0:00:40]} Rd5 {[%clk 0:05:33]} 41. Ra1
{[%clk 0:00:44]} Rc2 {[%clk 0:05:39]} 42. Rb2 {[%clk 0:00:32]} Rxd1+
{[%clk 0:05:57]} 0-1

[Event "EYCC 2024 - O12"]
[Site "?"]
[Date "2024.08.31"]
[Round "9.11"]
[White "Lilliehook, Victor"]
[Black "Fulgentini, Edoardo"]
[Result "0-1"]
[BlackElo "2009"]
[WhiteElo "2040"]
[LiveChessVersion "1.4.8"]

1. e4 {[%clk 1:30:59]} c5 {[%clk 1:30:48]} 2. Nf3 {[%clk 1:31:28]} Nc6
{[%clk 1:31:11]} 3. d4 {[%clk 1:31:49]} cxd4 {[%clk 1:31:37]} 4. Nxd4
{[%clk 1:32:18]} Nf6 {[%clk 1:31:58]} 5. Nc3 {[%clk 1:32:46]} d6 {[%clk 1:32:22]}
6. f3 {[%clk 1:33:13]} e5 {[%clk 1:32:47]} 7. Nb3 {[%clk 1:33:38]} Be7
{[%clk 1:33:15]} 8. Be3 {[%clk 1:34:00]} O-O {[%clk 1:33:39]} 9. Qd2
{[%clk 1:34:21]} a5 {[%clk 1:34:03]} 10. Bb5 {[%clk 1:34:48]} Be6
{[%clk 1:34:24]} 11. O-O-O {[%clk 1:35:00]} Nb4 {[%clk 1:34:50]} 12. Kb1
{[%clk 1:35:20]} d5 {[%clk 1:34:00]} 13. exd5 {[%clk 1:35:41]} Nbxd5
{[%clk 1:34:22]} 14. Nxd5 {[%clk 1:36:05]} Nxd5 {[%clk 1:28:40]} 15. Bc4
{[%clk 1:36:17]} Nxe3 {[%clk 1:28:52]} 16. Qxe3 {[%clk 1:36:37]} Qc8
{[%clk 1:29:21]} 17. Bxe6 {[%clk 1:36:36]} Qxe6 {[%clk 1:29:47]} 18. Rhe1
{[%clk 1:34:57]} Rfd8 {[%clk 1:29:44]} 19. Rxd8+ {[%clk 1:29:20]} Rxd8
{[%clk 1:30:13]} 20. a3 {[%clk 1:03:02]} b6 {[%clk 1:28:05]} 21. f4
{[%clk 0:56:56]} exf4 {[%clk 0:55:48]} 22. Qxe6 {[%clk 0:56:21]} fxe6
{[%clk 0:56:17]} 23. Rxe6 {[%clk 0:56:41]} Rd1+ {[%clk 0:55:31]} 24. Ka2
{[%clk 0:56:59]} Bd6 {[%clk 0:55:15]} 25. c3 {[%clk 0:49:19]} Kf7
{[%clk 0:48:39]} 26. Re2 {[%clk 0:48:45]} g6 {[%clk 0:37:13]} 27. Nd4
{[%clk 0:37:48]} Bc5 {[%clk 0:33:06]} 28. Nf3 {[%clk 0:34:22]} Kf6
{[%clk 0:31:46]} 29. Ne5 {[%clk 0:23:53]} Kf5 {[%clk 0:26:40]} 30. Kb3
{[%clk 0:18:21]} Be3 {[%clk 0:24:54]} 31. Nc4 {[%clk 0:17:07]} Ke4
{[%clk 0:25:04]} 32. Kc2 {[%clk 0:17:03]} Rc1+ {[%clk 0:25:03]} 33. Kb3
{[%clk 0:17:33]} Kd3 {[%clk 0:25:03]} 0-1

[Event "EYCC 2024 - O12"]
[Site "?"]
[Date "2024.08.31"]
[Round "9.12"]
[White "Sakotic, Nikola"]
[Black "Jalving, August"]
[Result "0-1"]
[BlackElo "2027"]
[WhiteElo "1984"]
[LiveChessVersion "1.4.8"]

1. Nf3 {[%clk 1:30:56]} Nf6 {[%clk 1:30:54]} 2. c4 {[%clk 1:31:21]} e6
{[%clk 1:31:15]} 3. g3 {[%clk 1:31:46]} d5 {[%clk 1:31:40]} 4. d4
{[%clk 1:32:13]} dxc4 {[%clk 1:32:04]} 5. Bg2 {[%clk 1:32:39]} c5
{[%clk 1:32:28]} 6. O-O {[%clk 1:33:03]} Nc6 {[%clk 1:32:54]} 7. dxc5
{[%clk 1:33:29]} Qxd1 {[%clk 1:33:15]} 8. Rxd1 {[%clk 1:33:55]} Bxc5
{[%clk 1:33:36]} 9. Nbd2 {[%clk 1:34:21]} c3 {[%clk 1:33:58]} 10. bxc3
{[%clk 1:34:48]} O-O {[%clk 1:34:16]} 11. c4 {[%clk 1:35:17]} Re8
{[%clk 1:31:35]} 12. Bb2 {[%clk 1:33:36]} e5 {[%clk 1:31:17]} 13. Nb3
{[%clk 1:32:34]} Bf8 {[%clk 1:27:15]} 14. Rac1 {[%clk 1:27:37]} a5
{[%clk 1:12:36]} 15. a4 {[%clk 1:19:38]} Bb4 {[%clk 1:04:57]} 16. Nfd2
{[%clk 0:58:15]} Bf5 {[%clk 1:02:59]} 17. e4 {[%clk 0:56:40]} Be6
{[%clk 0:58:53]} 18. Nf1 {[%clk 0:55:44]} Nd7 {[%clk 0:56:05]} 19. Ne3
{[%clk 0:41:39]} Nb6 {[%clk 0:55:56]} 20. Nd5 {[%clk 0:40:59]} Nxa4
{[%clk 0:55:55]} 21. Ba1 {[%clk 0:41:13]} Rac8 {[%clk 0:49:16]} 22. f4
{[%clk 0:37:55]} f6 {[%clk 0:38:16]} 23. Bf1 {[%clk 0:29:59]} Nc5
{[%clk 0:28:31]} 24. Nxc5 {[%clk 0:29:03]} Bxc5+ {[%clk 0:28:58]} 25. Kg2
{[%clk 0:29:19]} Bd4 {[%clk 0:23:43]} 26. Rb1 {[%clk 0:24:06]} Bxa1
{[%clk 0:20:34]} 27. Rxa1 {[%clk 0:24:32]} f5 {[%clk 0:19:09]} 28. Rdb1
{[%clk 0:23:42]} fxe4 {[%clk 0:18:13]} 29. Rxb7 {[%clk 0:24:05]} exf4
{[%clk 0:17:44]} 30. Nxf4 {[%clk 0:24:08]} Bf7 {[%clk 0:17:49]} 31. Nd5
{[%clk 0:22:03]} e3 {[%clk 0:16:28]} 32. Re1 {[%clk 0:21:58]} Bxd5+
{[%clk 0:13:10]} 33. cxd5 {[%clk 0:22:27]} Nd4 {[%clk 0:13:19]} 34. Bd3
{[%clk 0:22:13]} Rc3 {[%clk 0:12:49]} 35. Rf1 {[%clk 0:21:29]} Rxd3
{[%clk 0:01:28]} 36. Rff7 {[%clk 0:21:47]} Rd2+ {[%clk 0:01:46]} 37. Kh3
{[%clk 0:22:03]} Nf5 {[%clk 0:01:53]} 38. g4 {[%clk 0:22:06]} e2 {[%clk 0:01:41]}
39. gxf5 {[%clk 0:22:11]} Re3+ {[%clk 0:01:57]} 0-1

[Event "EYCC 2024 - O12"]
[Site "?"]
[Date "2024.08.31"]
[Round "9.13"]
[White "Aeschbacher, Dimitri"]
[Black "Frigerio, Riccardo"]
[Result "1/2-1/2"]
[BlackElo "1973"]
[WhiteElo "2021"]
[LiveChessVersion "1.4.8"]

1. e4 {[%clk 1:30:57]} c5 {[%clk 1:30:55]} 2. Nf3 {[%clk 1:31:21]} d6
{[%clk 1:31:18]} 3. d4 {[%clk 1:31:48]} cxd4 {[%clk 1:31:41]} 4. Nxd4
{[%clk 1:32:14]} Nf6 {[%clk 1:32:04]} 5. f3 {[%clk 1:32:41]} g6 {[%clk 1:32:29]}
6. c4 {[%clk 1:33:02]} Bg7 {[%clk 1:32:49]} 7. Nc3 {[%clk 1:33:28]} Nc6
{[%clk 1:33:06]} 8. Be3 {[%clk 1:33:51]} O-O {[%clk 1:32:59]} 9. Qd2
{[%clk 1:31:17]} Bd7 {[%clk 1:31:27]} 10. Be2 {[%clk 1:31:42]} Ne5
{[%clk 1:31:44]} 11. O-O-O {[%clk 1:31:31]} Rc8 {[%clk 1:31:55]} 12. b3
{[%clk 1:31:57]} a6 {[%clk 1:31:23]} 13. Kb1 {[%clk 1:32:14]} e6 {[%clk 1:20:17]}
14. h4 {[%clk 1:31:27]} h5 {[%clk 1:19:53]} 15. Rhg1 {[%clk 1:30:11]} Qa5
{[%clk 1:18:00]} 16. Nd5 {[%clk 1:24:18]} Qxd2 {[%clk 1:17:12]} 17. Nxf6+
{[%clk 1:24:41]} Bxf6 {[%clk 1:17:18]} 18. Rxd2 {[%clk 1:25:09]} Bxh4
{[%clk 1:12:47]} 19. Nc2 {[%clk 1:24:18]} Be7 {[%clk 1:12:22]} 20. f4
{[%clk 1:22:38]} Ng4 {[%clk 1:09:41]} 21. Bxg4 {[%clk 1:19:41]} hxg4
{[%clk 1:09:59]} 22. e5 {[%clk 1:19:39]} d5 {[%clk 1:10:11]} 23. cxd5
{[%clk 1:14:17]} exd5 {[%clk 1:10:08]} 24. Bd4 {[%clk 1:13:19]} Rc6
{[%clk 0:58:32]} 25. Kb2 {[%clk 1:12:41]} Be6 {[%clk 0:54:58]} 26. Ne3
{[%clk 1:12:16]} Rfc8 {[%clk 0:54:20]} 27. g3 {[%clk 1:12:34]} Bb4
{[%clk 0:50:54]} 28. Rd3 {[%clk 1:09:28]} Kg7 {[%clk 0:48:02]} 29. a3
{[%clk 1:09:29]} Be7 {[%clk 0:48:08]} 30. Rh1 {[%clk 1:08:57]} b6
{[%clk 0:46:07]} 31. b4 {[%clk 1:04:29]} b5 {[%clk 0:44:00]} 32. Rd2
{[%clk 1:04:35]} Rh8 {[%clk 0:44:18]} 33. Rxh8 {[%clk 1:04:03]} Kxh8
{[%clk 0:44:33]} 34. Bc3 {[%clk 1:00:45]} Kg8 {[%clk 0:41:00]} 35. Nxd5
{[%clk 0:59:52]} Bxd5 {[%clk 0:41:23]} 36. Rxd5 {[%clk 1:00:18]} Kf8
{[%clk 0:41:18]} 37. Rd2 {[%clk 0:59:22]} Ke8 {[%clk 0:41:26]} 38. Rh2
{[%clk 0:59:40]} Kd7 {[%clk 0:41:50]} 39. Kc2 {[%clk 0:59:03]} Ke6
{[%clk 0:37:31]} 40. Kd3 {[%clk 0:59:09]} Bd8 {[%clk 0:37:11]} 41. Rh7
{[%clk 0:54:19]} Be7 {[%clk 0:37:25]} 42. Rh8 {[%clk 0:51:01]} Kd7
{[%clk 0:37:28]} 43. Bd2 {[%clk 0:49:30]} Ke6 {[%clk 0:32:16]} 44. Be3
{[%clk 0:49:25]} Kd7 {[%clk 0:31:29]} 45. Ra8 {[%clk 0:48:09]} Ke6
{[%clk 0:25:36]} 46. Ra7 {[%clk 0:46:30]} f6 {[%clk 0:25:36]} 47. Bd4
{[%clk 0:43:11]} fxe5 {[%clk 0:25:26]} 48. fxe5 {[%clk 0:42:41]} Bg5
{[%clk 0:23:44]} 49. Ke4 {[%clk 0:41:21]} Be7 {[%clk 0:21:22]} 50. Bc5
{[%clk 0:37:06]} Bxc5 {[%clk 0:21:09]} 51. bxc5 {[%clk 0:37:28]} Rxc5
{[%clk 0:20:27]} 52. Rxa6+ {[%clk 0:37:51]} Ke7 {[%clk 0:19:32]} 53. Rd6
{[%clk 0:33:26]} Rc1 {[%clk 0:15:23]} 54. Rd3 {[%clk 0:32:56]} Ke6
{[%clk 0:15:42]} 55. Rd6+ {[%clk 0:32:46]} Ke7 {[%clk 0:15:44]} 56. Rxg6
{[%clk 0:31:28]} Rc3 {[%clk 0:16:03]} 57. Rxg4 {[%clk 0:31:43]} Rxa3
{[%clk 0:16:29]} 58. Rg7+ {[%clk 0:31:45]} Ke6 {[%clk 0:16:46]} 59. Rg6+
{[%clk 0:32:11]} Ke7 {[%clk 0:16:29]} 60. g4 {[%clk 0:31:33]} Ra1
{[%clk 0:16:29]} 61. Rb6 {[%clk 0:31:41]} Rb1 {[%clk 0:16:29]} 62. Kf5
{[%clk 0:31:49]} Rf1+ {[%clk 0:16:50]} 63. Kg6 {[%clk 0:31:39]} Rb1
{[%clk 0:17:05]} 64. Kf5 {[%clk 0:25:52]} Rf1+ {[%clk 0:17:12]} 65. Ke4
{[%clk 0:26:15]} Re1+ {[%clk 0:15:54]} 66. Kd5 {[%clk 0:25:14]} Rd1+
{[%clk 0:16:16]} 67. Kc5 {[%clk 0:25:20]} Rc1+ {[%clk 0:16:27]} 68. Kd4
{[%clk 0:24:49]} Rd1+ {[%clk 0:16:45]} 69. Ke4 {[%clk 0:24:13]} Re1+
{[%clk 0:17:10]} 70. Kf5 {[%clk 0:24:40]} Rf1+ 1/2-1/2

[Event "EYCC 2024 - O12"]
[Site "?"]
[Date "2024.08.31"]
[Round "9.14"]
[White "Mnatsakanyan, Aren"]
[Black "Gabadadze, Gabriel"]
[Result "0-1"]
[BlackElo "2016"]
[WhiteElo "1918"]
[LiveChessVersion "1.4.8"]

1. c4 {[%clk 1:30:58]} c5 {[%clk 1:30:53]} 2. Nc3 {[%clk 1:31:24]} Nc6
{[%clk 1:31:17]} 3. g3 {[%clk 1:31:52]} g6 {[%clk 1:31:36]} 4. Bg2
{[%clk 1:32:17]} Bg7 {[%clk 1:32:00]} 5. Nf3 {[%clk 1:32:42]} e6 {[%clk 1:32:22]}
6. d4 {[%clk 1:33:07]} cxd4 {[%clk 1:32:47]} 7. Nb5 {[%clk 1:33:33]} d5
{[%clk 1:33:07]} 8. cxd5 {[%clk 1:33:59]} Qa5+ {[%clk 1:33:33]} 9. Nd2
{[%clk 1:34:23]} exd5 {[%clk 1:33:55]} 10. Nd6+ {[%clk 1:34:49]} Kf8
{[%clk 1:34:14]} 11. Qb3 {[%clk 1:33:34]} Nge7 {[%clk 1:22:39]} 12. Nxc8
{[%clk 1:33:26]} Rxc8 {[%clk 1:22:43]} 13. O-O {[%clk 1:33:47]} b6
{[%clk 1:17:52]} 14. Nf3 {[%clk 1:33:44]} Qb4 {[%clk 1:14:35]} 15. Qd3
{[%clk 1:31:29]} h6 {[%clk 1:10:37]} 16. a3 {[%clk 1:28:16]} Qc4 {[%clk 1:07:49]}
17. Qd1 {[%clk 1:28:37]} Na5 {[%clk 1:04:44]} 18. Bf4 {[%clk 1:26:06]} Qb3
{[%clk 0:59:29]} 19. Rc1 {[%clk 1:20:12]} Rxc1 {[%clk 0:52:40]} 20. Qxc1
{[%clk 1:20:33]} Qc4 {[%clk 0:52:19]} 21. Nd2 {[%clk 1:14:12]} Qc6
{[%clk 0:40:40]} 22. b4 {[%clk 1:07:51]} Nc4 {[%clk 0:39:18]} 23. Nxc4
{[%clk 1:07:10]} Qxc4 {[%clk 0:39:37]} 24. Bd6 {[%clk 1:05:32]} Bf6
{[%clk 0:32:52]} 25. Qf4 {[%clk 0:56:45]} Kg7 {[%clk 0:31:44]} 26. Be5
{[%clk 0:55:58]} Ng8 {[%clk 0:29:16]} 27. Bf3 {[%clk 0:51:09]} d3
{[%clk 0:13:56]} 28. exd3 {[%clk 0:51:05]} Qxd3 {[%clk 0:13:15]} 29. Rd1
{[%clk 0:47:39]} Qb3 {[%clk 0:10:36]} 30. Rxd5 {[%clk 0:46:51]} Bxe5
{[%clk 0:10:06]} 31. Rxe5 {[%clk 0:46:42]} Nf6 {[%clk 0:04:48]} 32. Re3
{[%clk 0:46:57]} Qb2 {[%clk 0:03:35]} 33. Qc7 {[%clk 0:46:38]} a5
{[%clk 0:02:30]} 34. bxa5 {[%clk 0:46:36]} bxa5 {[%clk 0:02:43]} 35. Qxa5
{[%clk 0:47:00]} Rc8 {[%clk 0:02:23]} 36. Qe5 {[%clk 0:45:21]} Rc1+
{[%clk 0:02:04]} 37. Kg2 {[%clk 0:44:28]} Qb1 {[%clk 0:01:43]} 38. Be2
{[%clk 0:40:55]} Rg1+ {[%clk 0:01:42]} 39. Kh3 {[%clk 0:40:51]} Qb7
{[%clk 0:01:08]} 40. Bf3 {[%clk 0:40:01]} Qc8+ {[%clk 0:00:40]} 41. g4
{[%clk 0:40:30]} h5 {[%clk 0:00:35]} 42. Be2 {[%clk 0:38:14]} hxg4+
{[%clk 0:00:48]} 43. Kh4 {[%clk 0:38:38]} Qh8+ {[%clk 0:01:08]} 44. Kg5
{[%clk 0:39:03]} Qh6# {[%clk 0:01:31]} 0-1

[Event "EYCC 2024 - O12"]
[Site "?"]
[Date "2024.08.31"]
[Round "9.15"]
[White "Garakhanov, Shamsi"]
[Black "Faryma, Maksym"]
[Result "1-0"]
[BlackElo "2011"]
[WhiteElo "1906"]
[LiveChessVersion "1.4.8"]

1. d4 {[%clk 1:30:56]} Nf6 {[%clk 1:30:55]} 2. c4 {[%clk 1:31:18]} e6
{[%clk 1:31:15]} 3. g3 {[%clk 1:31:38]} d5 {[%clk 1:31:36]} 4. Bg2
{[%clk 1:31:33]} Be7 {[%clk 1:31:17]} 5. Nf3 {[%clk 1:31:56]} O-O
{[%clk 1:31:32]} 6. O-O {[%clk 1:32:14]} Nbd7 {[%clk 1:31:46]} 7. Nc3
{[%clk 1:26:38]} c6 {[%clk 1:30:31]} 8. Qd3 {[%clk 1:15:06]} b6 {[%clk 1:26:24]}
9. cxd5 {[%clk 1:12:54]} cxd5 {[%clk 1:25:08]} 10. Bf4 {[%clk 1:10:23]} a6
{[%clk 1:15:43]} 11. Rac1 {[%clk 1:07:18]} Nh5 {[%clk 1:08:42]} 12. Bd2
{[%clk 1:06:28]} Bb7 {[%clk 1:06:31]} 13. a3 {[%clk 1:02:54]} b5 {[%clk 1:01:07]}
14. Na2 {[%clk 1:00:48]} Bd6 {[%clk 0:56:39]} 15. Bb4 {[%clk 0:57:13]} Qb6
{[%clk 0:53:07]} 16. Rc2 {[%clk 0:48:47]} Bxb4 {[%clk 0:48:11]} 17. axb4
{[%clk 0:45:43]} Nhf6 {[%clk 0:41:01]} 18. Nc1 Qd6 {[%clk 0:39:32]} 19. Qb3
{[%clk 0:43:07]} Nb6 {[%clk 0:32:14]} 20. Nd3 {[%clk 0:42:46]} Nc4
{[%clk 0:29:25]} 21. Nc5 {[%clk 0:43:03]} Ra7 {[%clk 0:29:45]} 22. Qd3
{[%clk 0:42:16]} Bc8 {[%clk 0:23:26]} 23. b3 {[%clk 0:40:24]} e5 {[%clk 0:19:07]}
24. dxe5 {[%clk 0:38:23]} Nxe5 {[%clk 0:18:31]} 25. Nxe5 {[%clk 0:37:57]} Qxe5
{[%clk 0:18:53]} 26. Rd2 {[%clk 0:36:43]} Be6 {[%clk 0:14:06]} 27. f4
{[%clk 0:33:55]} Qh5 {[%clk 0:14:07]} 28. f5 {[%clk 0:33:23]} Bc8
{[%clk 0:14:03]} 29. Bxd5 {[%clk 0:31:57]} Re7 {[%clk 0:12:10]} 30. e4
{[%clk 0:31:07]} Qh6 {[%clk 0:10:31]} 31. Re2 {[%clk 0:30:24]} Rfe8
{[%clk 0:09:42]} 32. Bc6 {[%clk 0:29:47]} Rf8 {[%clk 0:10:02]} 33. Qd6
{[%clk 0:29:13]} Ra7 {[%clk 0:09:21]} 34. e5 {[%clk 0:28:49]} Ng4
{[%clk 0:09:22]} 35. Qxh6 {[%clk 0:29:13]} Nxh6 {[%clk 0:09:47]} 36. e6
{[%clk 0:28:34]} Re7 {[%clk 0:09:18]} 37. Ree1 {[%clk 0:24:47]} Kh8
{[%clk 0:03:40]} 38. Bd7 {[%clk 0:23:38]} Rd8 {[%clk 0:03:30]} 39. Bxc8
{[%clk 0:23:55]} Rxc8 {[%clk 0:03:55]} 40. Ra1 {[%clk 0:23:58]} Ra8
{[%clk 0:03:50]} 41. h3 {[%clk 0:24:01]} g6 {[%clk 0:03:33]} 42. f6
{[%clk 0:24:10]} Rxe6 {[%clk 0:03:59]} 43. Nxe6 {[%clk 0:24:38]} fxe6
{[%clk 0:04:21]} 44. g4 {[%clk 0:25:07]} Nf7 {[%clk 0:04:16]} 45. Rfd1
{[%clk 0:25:25]} Kg8 {[%clk 0:04:12]} 46. Rd7 {[%clk 0:25:48]} e5
{[%clk 0:04:17]} 47. Rc1 {[%clk 0:26:03]} Ng5 {[%clk 0:04:18]} 48. Kg2
{[%clk 0:26:14]} Ne4 {[%clk 0:04:23]} 49. Rcc7 {[%clk 0:26:28]} Nxf6
{[%clk 0:04:45]} 50. Rg7+ {[%clk 0:26:52]} Kh8 {[%clk 0:05:01]} 51. g5
{[%clk 0:26:09]} Ne8 {[%clk 0:04:57]} 52. Rxh7+ {[%clk 0:26:33]} Kg8
{[%clk 0:05:21]} 53. Ra7 {[%clk 0:26:09]} Rc8 {[%clk 0:05:46]} 54. Rhe7
{[%clk 0:26:31]} Rc2+ {[%clk 0:05:51]} 55. Kf3 {[%clk 0:26:55]} Kf8
{[%clk 0:06:13]} 56. Rxe5 {[%clk 0:27:19]} Nd6 {[%clk 0:06:06]} 57. Rxa6
{[%clk 0:27:11]} Nf7 {[%clk 0:06:26]} 58. Rxb5 {[%clk 0:27:18]} Rc3+
{[%clk 0:06:49]} 59. Kg4 {[%clk 0:27:36]} Rxb3 {[%clk 0:06:41]} 60. Rxg6
{[%clk 0:27:59]} Rc3 {[%clk 0:06:36]} 61. Rf6 {[%clk 0:28:18]} Kg8
{[%clk 0:06:41]} 62. Rb8+ {[%clk 0:28:43]} Kg7 {[%clk 0:07:02]} 63. Rb7
{[%clk 0:29:08]} Rc4+ {[%clk 0:07:15]} 64. Kh5 {[%clk 0:29:29]} 1-0

[Event "EYCC 2024 - O12"]
[Site "?"]
[Date "2024.08.31"]
[Round "9.16"]
[White "Ferreira, Vasco Capitao Mendes"]
[Black "Tatvidze, Davit"]
[Result "1/2-1/2"]
[BlackElo "2011"]
[WhiteElo "1883"]
[LiveChessVersion "1.4.8"]

1. e4 {[%clk 1:30:57]} c6 {[%clk 1:30:57]} 2. d4 {[%clk 1:31:09]} d5
{[%clk 1:31:23]} 3. Nc3 {[%clk 1:31:32]} dxe4 {[%clk 1:31:49]} 4. Nxe4
{[%clk 1:31:53]} Nf6 {[%clk 1:32:17]} 5. Nxf6+ {[%clk 1:31:55]} exf6
{[%clk 1:32:43]} 6. c3 {[%clk 1:31:39]} Bd6 {[%clk 1:33:08]} 7. Bd3
{[%clk 1:31:56]} Na6 {[%clk 1:33:17]} 8. Ne2 {[%clk 1:26:22]} Nc7
{[%clk 1:33:40]} 9. Qc2 {[%clk 1:23:17]} h5 {[%clk 1:33:54]} 10. Bd2
{[%clk 1:22:21]} Be6 {[%clk 1:33:44]} 11. c4 {[%clk 1:15:18]} O-O
{[%clk 1:30:00]} 12. O-O-O {[%clk 1:07:04]} b5 {[%clk 1:21:36]} 13. c5
{[%clk 0:58:45]} Be7 {[%clk 1:20:49]} 14. Ba5 {[%clk 0:54:07]} Qd7
{[%clk 1:20:14]} 15. Nf4 {[%clk 0:48:49]} Nd5 {[%clk 1:14:55]} 16. Nxe6
{[%clk 0:41:47]} fxe6 {[%clk 1:15:11]} 17. Bh7+ {[%clk 0:38:07]} Kh8
{[%clk 1:13:46]} 18. Bg6 {[%clk 0:37:50]} h4 {[%clk 1:04:49]} 19. g3
{[%clk 0:31:20]} f5 {[%clk 1:05:14]} 20. Qe2 {[%clk 0:30:32]} Bg5+
{[%clk 1:05:24]} 21. f4 {[%clk 0:28:09]} Bh6 {[%clk 1:03:33]} 22. Bh5
{[%clk 0:24:04]} b4 {[%clk 0:56:51]} 23. Rhe1 {[%clk 0:21:50]} Rf6
{[%clk 0:24:58]} 24. Qe5 {[%clk 0:17:47]} Qb7 {[%clk 0:14:47]} 25. Be2
{[%clk 0:12:33]} hxg3 {[%clk 0:13:25]} 26. hxg3 {[%clk 0:12:36]} Rg6
{[%clk 0:13:50]} 27. Rh1 {[%clk 0:11:30]} Qb8 {[%clk 0:10:03]} 28. Bc4
{[%clk 0:10:05]} Qxe5 {[%clk 0:03:02]} 29. dxe5 {[%clk 0:10:25]} Kg8
{[%clk 0:01:48]} 30. Bxd5 {[%clk 0:07:22]} cxd5 {[%clk 0:01:58]} 31. Bxb4
{[%clk 0:07:14]} Rxg3 {[%clk 0:02:01]} 32. Rd4 {[%clk 0:06:25]} a5
{[%clk 0:01:33]} 33. Ba3 {[%clk 0:05:30]} Rf3 {[%clk 0:01:38]} 34. Rh4
{[%clk 0:04:59]} Rc8 {[%clk 0:01:49]} 35. Kd2 {[%clk 0:05:02]} Rxa3
{[%clk 0:01:07]} 36. bxa3 {[%clk 0:05:21]} Rxc5 {[%clk 0:01:33]} 37. Rh1
{[%clk 0:04:05]} Kf7 {[%clk 0:01:36]} 38. Rc1 {[%clk 0:03:14]} Rxc1
{[%clk 0:01:11]} 39. Kxc1 {[%clk 0:03:40]} Ke7 {[%clk 0:01:09]} 40. Kd2
{[%clk 0:01:40]} Kd7 {[%clk 0:01:29]} 41. Ke3 {[%clk 0:00:59]} Kc6
{[%clk 0:01:55]} 42. Kf3 {[%clk 0:00:41]} Kb5 {[%clk 0:02:01]} 43. Ke3
{[%clk 0:00:47]} Kc5 {[%clk 0:01:56]} 44. Ra4 {[%clk 0:01:02]} Kb5
{[%clk 0:01:33]} 45. Rd4 {[%clk 0:01:26]} g5 {[%clk 0:01:58]} 46. fxg5
{[%clk 0:01:06]} Bxg5+ {[%clk 0:02:23]} 47. Kd3 {[%clk 0:00:42]} Be7
{[%clk 0:02:12]} 48. Kc3 {[%clk 0:00:38]} Bxa3 {[%clk 0:00:47]} 49. Rh4
{[%clk 0:01:03]} Bc1 {[%clk 0:00:59]} 50. Rh8 {[%clk 0:00:48]} Kc6
{[%clk 0:00:38]} 51. Ra8 {[%clk 0:00:48]} Bf4 {[%clk 0:00:41]} 52. Kd4
{[%clk 0:00:51]} Bd2 {[%clk 0:00:57]} 53. a4 {[%clk 0:00:48]} f4 {[%clk 0:01:10]}
54. Kd3 {[%clk 0:00:50]} Bb4 {[%clk 0:01:27]} 55. Rc8+ {[%clk 0:01:02]} Kd7
{[%clk 0:01:47]} 56. Rc1 {[%clk 0:01:22]} Ba3 {[%clk 0:01:50]} 57. Rf1
{[%clk 0:00:55]} 1/2-1/2